000 00949 a2200217 4500
999 _c5326
_d5326
020 _a0761973826
020 _a0761973834 (pbk.)
050 0 0 _aQA279.FIE 2003
100 1 _aField, Andy P.
_eauthor
245 1 0 _aHow to design and report experiments /
_cAndy Field, Graham Hole.
264 _aLos Angeles:
_bSAGE.,
_c2003
300 _axii, 384 p.
_bill. ;
500 _aIncludes bibliographical references (p. [373]-377) and index.
504 _aIncludes bibliographical references (p. [373]-377) and index.
650 0 _aExperimental design.
700 1 _aHole, Graham.
856 4 1 _3Table of contents only
_uhttp://www.loc.gov/catdir/toc/fy037/2002108293.html
856 4 2 _3Publisher description
_uhttp://www.loc.gov/catdir/enhancements/fy0658/2002108293-d.html
942 _2lcc
_cBK
_h279
_iFIE
_kQA